Schaum’s outline of theory and problems of continuum mechanics / (Record no. 5683)

MARC details
000 -LEADER
fixed length control field 01275nac a22003371i 4500
003 - CONTROL NUMBER IDENTIFIER
control field EG-ScBUE
005 - DATE AND TIME OF LATEST TRANSACTION
control field 20250525115924.0
008 - FIXED-LENGTH DATA ELEMENTS--GENERAL INFORMATION
fixed length control field 160926t1970 nyua f 001 0 eng d
020 ## - INTERNATIONAL STANDARD BOOK NUMBER
International Standard Book Number 0070406634
020 ## - INTERNATIONAL STANDARD BOOK NUMBER
International Standard Book Number 9780070406636
040 ## - CATALOGING SOURCE
Original cataloging agency EG-ScBUE
Language of cataloging eng
Description conventions rda
Transcribing agency EG-ScBUE
Modifying agency EG-ScBUE
082 04 - DEWEY DECIMAL CLASSIFICATION NUMBER
Classification number 531.0202
Item number MAS
Edition number 22
100 1# - MAIN ENTRY--PERSONAL NAME
Personal name Mase, George E.,
Relator term author.
245 10 - TITLE STATEMENT
Title Schaum’s outline of theory and problems of continuum mechanics /
Statement of responsibility, etc by George E. Mase, Ph.D, professor of mechanics, Michigan State University.
246 30 - VARYING FORM OF TITLE
Title proper/short title Continuum mechanics
246 30 - VARYING FORM OF TITLE
Title proper/short title Theory and problems of continuum mechanics
264 #1 - PUBLICATION, DISTRIBUTION, ETC. (IMPRINT)
Place of publication, distribution, etc New York :
Name of publisher, distributor, etc McGraw-Hill,
Date of publication, distribution, etc [1970]
264 #4 - PUBLICATION, DISTRIBUTION, ETC. (IMPRINT)
Date of publication, distribution, etc c1970
300 ## - PHYSICAL DESCRIPTION
Extent 221 pages :
Other physical details illustrations ;
Dimensions 28 cm.
336 ## - CONTENT TYPE
Source rdacontent
Content type term text
Content type code txt
337 ## - MEDIA TYPE
Media type term unmediated
Source rdamedia
Media type code n
338 ## - CARRIER TYPE
Carrier type term volume
Carrier type code nc
Source rdacarrier
490 0# - SERIES STATEMENT
Series statement Schaum's outline series
500 ## - GENERAL NOTE
General note Includes index.
650 #7 - SUBJECT ADDED ENTRY--TOPICAL TERM
Topical term or geographic name as entry element Continuum mechanics
General subdivision Outlines, syllabi, etc.
Source of heading or term BUEsh
655 ## - INDEX TERM--GENRE/FORM
Form subdivision Reading book
740 ## - ADDED ENTRY--UNCONTROLLED RELATED/ANALYTICAL TITLE
Uncontrolled related/analytical title Theory and problems of continuum mechanics.
856 42 - ELECTRONIC LOCATION AND ACCESS
Materials specified Publisher description
Uniform Resource Identifier <a href="http://www.loc.gov/catdir/description/mh021/73124139.html">http://www.loc.gov/catdir/description/mh021/73124139.html</a>
856 42 - ELECTRONIC LOCATION AND ACCESS
Materials specified Table of contents
Uniform Resource Identifier <a href="http://www.loc.gov/catdir/toc/mh021/73124139.html">http://www.loc.gov/catdir/toc/mh021/73124139.html</a>
942 ## - ADDED ENTRY ELEMENTS (KOHA)
Koha item type Book - Borrowing
Source of classification or shelving scheme Dewey Decimal Classification
Holdings
Withdrawn status Lost status Source of classification or shelving scheme Damaged status Not for loan Collection code Home library Current library Shelving location Date acquired Source of acquisition Total Checkouts Total Renewals Full call number Barcode Date last seen Date checked out Price effective from Koha item type
    Dewey Decimal Classification     Alahram Central Library Central Library First floor 01/11/2007 Purchase 2 28 531.0202 MAS 000007362 15/07/2025 19/10/2024 01/11/2007 Book - Borrowing